000 00245nam a2200109Ia 4500
008 220204s9999 xx 000 0 und d
082 _a301
_bJOH
100 _aJohnson, H M
245 0 _aSociology
260 _aBombay
_bAlklied
_c1960
942 _cBK
999 _c22763
_d22763